|
|
|
|
| LEADER |
00000nam a2200000 a 4500 |
| 001 |
vtls008979209 |
| 003 |
SK-MaSNL |
| 005 |
20260301023110.0 |
| 008 |
250313s1979 xxk g 000 0 slo |
| 020 |
|
|
|a 0564032220
|q (viaz.)
|
| 035 |
|
|
|a KURUK019644
|
| 035 |
|
|
|a urn:nbn:sk:snk-amycy4
|
| 035 |
|
|
|a urn:nbn:sk:snk-am00cfdz
|
| 035 |
|
|
|a 6B36E1FD-C6C2-473D-A27D-A22EDA69EF5D
|
| 040 |
|
|
|a SNK
|b slo
|c SNK
|e AACR2
|
| 041 |
0 |
|
|a slo
|
| 044 |
|
|
|a uk
|c GB
|
| 072 |
|
7 |
|a 2-23/-27
|x Biblia. Biblistika
|2 konspekt
|
| 080 |
|
|
|a 27-23
|2 1981
|
| 130 |
1 |
0 |
|a Biblia
|l Slovensky
|9 96920
|
| 245 |
0 |
0 |
|a Biblia
|b Písmo sväté Starej a Novej zmluvy
|
| 260 |
|
|
|a Londýn
|b Slovenská evanjelická cirkev a.v. v ČSSR
|c 1979
|
| 300 |
|
|
|a 1079 s., [10] s. mp. príl
|c 19 cm
|
| 500 |
|
|
|a Vysvetl. Chronolog. prehľady
|
| 630 |
0 |
7 |
|a Biblia
|2 SNKPH
|9 17043
|
| 650 |
0 |
7 |
|a biblické texty
|2 SNKPH
|9 1917
|
| 655 |
|
7 |
|a texty
|2 SNKPH
|9 70511
|
| 852 |
|
|
|a Slovenská národná knižnica
|
| 919 |
|
|
|a 0 564 03222 0
|
| 958 |
|
|
|a OND
|
| 999 |
|
|
|c 568521
|d 570451
|
| 952 |
|
|
|a SNK
|b SNK
|y PREZ
|7 0
|p 17A0552873
|o snkSD 76618
|i snk2007/15557
|8 3
|g 23.24
|0 0
|1 0
|4 0
|d 2007-06-19
|f 1
|l 0
|r 2025-11-25 00:00:00
|w 2026-02-23
|
| 952 |
|
|
|a SNK
|b SNK
|y VYP
|7 0
|p 17A1126254
|o snkSD 76618 D1
|i snk2018/13031
|8 1
|0 0
|1 0
|4 0
|d 2018-06-15
|l 0
|r 2026-02-23 14:05:47
|w 2026-02-23
|